| 000 | 00000nam 2200000zi 4500 |
| 001 | 9.921965 |
| 003 | CaOODSP |
| 005 | 20230426091655 |
| 006 | m o d f |
| 007 | cr bn||||||||| |
| 008 | 230426t19811981onca ob f000 0 eng d |
| 020 | |a0662116534 |q(print) |
| 040 | |aCaOODSP|beng|erda|cCaOODSP |
| 041 | 0 |aeng|beng|bfre |
| 043 | |an-cn--- |
| 086 | 1 |aEn42-1/3-81-3E-PDF |
| 086 | 1 |aEn42-3/81-3E |
| 100 | 1 |aSlack, A. V. |q(Archie Vivian), |d1912- |eauthor. |
| 245 | 10|aTechnology for controlling emissions from power plants fired with fossil fuel / |cprepared for Environment Canada by A.V. Slack, SAS Corporation. |
| 264 | 1|a[Ottawa] : |bCombustion Sources Division, Engineering Assessment Branch, Air Pollution Control Directorate, |c1981. |
| 264 | 4|c©1981 |
| 300 | |a1 online resource (xix, 54 pages) : |billustrations. |
| 336 | |atext|btxt|2rdacontent |
| 337 | |acomputer|bc|2rdamedia |
| 338 | |aonline resource|bcr|2rdacarrier |
| 490 | 1 |aEnvironmental Protection Service report series |
| 500 | |aIssued also in French under title: Les moyens techniques de lutte contre les émissions des centrales thermiques alimentées en combustibles fossiles. |
| 500 | |a"Report EPS 3-AP-81-3." |
| 500 | |a"October 1981." |
| 500 | |aOn cover: Economic and technical review, report EPS 3-AP-81-3. |
| 500 | |aDigitized edition from print [produced by Environment and Climate Change Canada]. |
| 504 | |aIncludes bibliographical references (page 54). |
| 546 | |aIncludes abstracts in English and French. |
| 650 | 0|aFossil fuel power plants|xWaste disposal|xEnvironmental aspects|zCanada. |
| 650 | 0|aAir|xPollution|zCanada. |
| 650 | 0|aFlue gases|xDesulfurization|zCanada|xEquipment and supplies. |
| 650 | 0|aFlue gases|xPurification|zCanada|xEquipment and supplies. |
| 710 | 1 |aCanada. |bEnvironmental Protection Service, |eissuing body. |
| 710 | 1 |aCanada. |bAir Pollution Control Directorate, |eissuing body. |
| 830 | #0|aEnvironmental Protection Service report series.|w(CaOODSP)9.866031 |
| 856 | 40|qPDF|s2.62 MB|uhttps://publications.gc.ca/collections/collection_2023/eccc/en42/En42-1-3-81-3-eng.pdf |